Pravidlá asignačného procesu fyzických a právnických osôb (súčasnosť a perspektívy) diplomová práca

Na minha lista:
Detalhes bibliográficos
Autor principal: Vidová, Soňa
Autor Corporativo: Národohospodárska fakulta EU. Katedra financií
Outros Autores: Beličková, Kornélia, 1966-
Formato: Livro
Idioma:eslovaco
Publicado em: Bratislava 2018
Tags: Adicionar Tag
Sem tags, seja o primeiro a adicionar uma tag!

MARC

LEADER 00000nbm a2200000 4500
001 0244230
005 20181127091104.4
041 0 |a slo 
044 |a SK 
245 1 0 |a Pravidlá asignačného procesu fyzických a právnických osôb (súčasnosť a perspektívy)  |b diplomová práca  |c Soňa Vidová ; školiteľ: Kornélia Beličková 
264 1 |a Bratislava  |c 2018 
300 |a 75 s. 
100 1 |a Vidová, Soňa 
700 1 |a Beličková, Kornélia, 1966- 
710 2 |a Národohospodárska fakulta EU. Katedra financií